000 01163nam a2200157 a 4500
005 20250924131546.0
008 250923s2025##################000#0#eng##
020 _a9788121105477
_qhbk
082 0 4 _a577.015
_bHOF
100 _aJohn Hof
245 1 0 _aSpatial Optimization In Ecological Applications
_cjohn hof
250 _a1st
260 _aDehra Dun
_bM/s Bishen Singh Mahendra Pal Singh
_c2006
500 _aWhether Discussing Habitat Placement for the northern spotted owl or black tailed prairie dog or strategies for controlling exotic pests, this book explains how real world problems can be solved by capturing ecological relationships across a landscape with pragmatic optimization models. Hof and Bevers use linear programming technologies widely available today that make it possible to include many thousands of choice variables and many thousands of constraints and still be confident of being able to solve the problem at hand. The book is organized into four parts: “Simple Proximity Relationships,” “Reaction Diffusion Models,” “Control Models,” and “Using Optimization to Develop Hypotheses About Ecosystems.”
942 _cENGLISH
999 _c589040
_d589040